000 00499nam a2200181Ia 4500
008 151202s9999||||xx |||||||||||||| ||und||
082 _bPNVM-41686
100 _aअकोलकर प्रकाश.
245 _aझोत.
260 _bरामनाथ आबेरकर.
260 _c0
300 _a189
600 _aअकोलकर प्रकाश.
630 _aझोत.
700 _aअकोलकर प्रकाश.
730 _aझोत.
942 _cBOOK
999 _c1307638
_d1307635